| 000 | 00549nam a22001577a 4500 | ||
|---|---|---|---|
| 999 |
_c525204 _d525204 |
||
| 003 | NUST | ||
| 038 | _aMr. Zahoor | ||
| 082 | _a658.561 | ||
| 100 |
_aSaif, Haneen _915952 |
||
| 245 |
_aTo Study the Factors That Affect the Safety Culture of the Manufacturing Industry of Pakistan and Develop a Framework to Strengthen the Safety Culture / _cHaneen Saif |
||
| 260 |
_aRawalpindi : _bEME - NUST, _c2010. |
||
| 300 |
_axiv, 106 p. : ill. ; _c30 cm. |
||
| 500 | _aHardcover. | ||
| 600 |
_aEngineering Management - MS Thesis. _915693 |
||
| 942 |
_2ddc _cTHE |
||